| 000 | 00730nam a2200229Ia 4500 | ||
|---|---|---|---|
| 999 |
_c54779 _d54779 |
||
| 003 | GCL | ||
| 005 | 20240530105315.0 | ||
| 008 | 140319s9999 xx 000 0 ara d | ||
| 040 |
_aGCL / _cGCL |
||
| 082 | 0 | 4 |
_a810.8 _bل م |
| 100 | 1 | _aلويس شيخو اليسوعى | |
| 245 | 1 | 0 |
_aمجانى الادب فى حدائق العرب / _cلويس شيخو اليسوعى |
| 260 |
_a[S.N] : _bدار المشرق ، _c1992 |
||
| 300 |
_a320 ص.؛ _c20 سم. |
||
| 650 | 0 | 4 | _aالشعر العربى |
| 650 | 0 | 4 | _aالادب العربى |
| 650 | 0 | 4 | _aدواوين وقصائد |
| 650 | 0 | 4 | _aالبلاغة العربية |
| 650 | 0 | 4 | _aالتاريخ الاسلامى |
| 650 | 0 | 4 | _aالمجموعات |
| 942 |
_2ddc _cBK |
||